000
00254nam a2200109Ia 4500
008
220622s9999 xx 000 0 und d
020
_a
978-0636014831
082
_a
EJF LESL
100
_a
LESLIE,FAITH
_9
105978
245
4
_a
THE DONKEY KIDS
942
_c
BK
_w
561
_x
John Tresidder
_y
561
_z
John Tresidder
999
_c
672085
_d
672084